00415nam a2200157 a 45000010005000000030009000050080041000140400028000550820016000831000016000992450038001152600033001533000015001864900034002016500022002353579CO-ViMGA141112s2004 ck r 000 u spa d aCO-ViMGAbspacCO-ViMGA04a793.73 E5531 aEmmet, Eric10aJuegos de acertijos enigmáticos aBarcelona : bgedisa, c1990 a210 p : il aJuegos humor y esoterismo, 1914aJUEGOS DE INGENIO